00333 a2200109 4500001000700000020000600007040001100013100004100024240007700065245007200142362000900214170373 a  cMagnum aMinisterio da Educacao e do Desporto10aSinopse estatistica/1996 - parana/santa catarina/rio grande do sul/lpor10aSinopse estatistica/1996 - parana/santa catarina/rio grande do sul/0 a1899